Çaykur Rizespor Squad 2023-2024 - Statistics

General Stats
  • This quiz has been taken 13 times
    9 since last reset
  • The average score is 16 of 38
Answer Stats
# Position Nation Player % Correct
23 GK Turkey Gökhan Akkan
89%
53 DF Turkey Emirhan Topçu
78%
6 MF England Jonjo Shelvey
78%
1 GK Turkey Tarık Çetin
78%
5 DF Denmark Casper Højer
67%
10 MF Nigeria Ibrahim Olawoyin
67%
89 FW Bulgaria Martin Minchev
67%
9 FW Argentina Adolfo Gaich
56%
77 FW Kosovo Altin Zeqiri
56%
28 FW Nigeria David Akintola
56%
3 DF Turkey İbrahim Pehlivan
56%
- Coach Turkey İlhan Palut
56%
54 MF Turkey Mithat Pala
56%
21 MF Spain Óscar Pinchi
56%
37 DF Turkey Taha Şahin
56%
8 MF Bosnia and Herzegovina Dal Varešanović
44%
2 DF Uzbekistan Khusniddin Alikulov
44%
34 MF South Africa Lebogang Phiri
44%
35 DF Turkey Alberk Koç
33%
7 FW Turkey Benhur Keser
33%
40 GK Turkey Canberk Yurdakul
33%
11 FW Brazil Gustavo Sauer
33%
20 FW Senegal Mame Mor Faye
33%
19 FW Senegal Oumar Diouf
33%
18 DF Turkey Sinan Osmanoğlu
33%
30 GK Turkey Zafer Görgen
33%
16 DF Turkey Anıl Yaşar
22%
4 DF Hungary Attila Mocsi
22%
90 MF Turkey Emirhan Yılmaz
22%
27 DF Turkey Eray Korkmaz
22%
17 MF Finland Janne-Pekka Laine
22%
12 FW Cameroon John Mary
22%
24 MF Turkey Muammer Sarıkaya
22%
92 MF Turkey Ali Kemal Aslankaya
11%
87 DF Turkey Emre Şimşek
11%
93 MF Turkey Eren Durmuş
11%
66 FW Turkey Güvenç Usta
11%
14 MF Nigeria Okechukwu Azubuike
11%
No matching quizzes found
Score Distribution
Percent of People with Each Score
Percentile by Number Answered
Your Score History
You have not taken this quiz since the last reset